| 000 | 00640nam a2200229 i 4500 | ||
|---|---|---|---|
| 001 | bg | ||
| 100 | 1 | _aSokół, Maria. | |
| 245 | 1 | 0 |
_aDreamweaver MX 2004 : _btworzenie serwisów www / _cMaria Sokół. |
| 260 |
_aGliwice : _b"Helion", _c2004. |
||
| 300 |
_a351 s. : _bil. ; _c24 cm. |
||
| 504 | _aIndeks. | ||
| 650 | 9 | _aDreamweaver | |
| 655 | _aPodręczniki | ||
| 020 | _a8373614427 | ||
| 040 | _cBPK | ||
| 041 | 0 | _apol | |
| 080 | _a004.42:004.738.52](07) | ||
| 920 | _a83-7361-442-7 | ||
| 942 | _cKS | ||
| 008 | s pl f |000 0 pol | ||
| 999 |
_c44685 _d44685 |
||
| 856 |
_uhttp://koha.tu.koszalin.pl/cgi-bin/koha/opac-detail.pl?biblionumber=44685 _yKatalog online BPK |
||